| 000 | 01716cam a2200421 i 4500 | ||
|---|---|---|---|
| 001 | 10983822 | ||
| 003 | USPCAS-E | ||
| 005 | 20180118181416.0 | ||
| 006 | m d | ||
| 007 | cr n | ||
| 008 | 141009t20142014gw a sb 001 0 eng d | ||
| 020 | _a9783527332250 | ||
| 020 | _a9783527656943 (ebook) | ||
| 035 | _a(WaSeSS)ssj0001165175 | ||
| 040 |
_aCaPaEBR _beng _erda _epn _cCaPaEBR _dWaSeSS |
||
| 050 | 4 |
_aTK8322 _b.O743 2014eb |
|
| 082 | 0 | 4 |
_a621.31244 _223 _bORG 2014 |
| 210 | 1 | 0 | _aOrganic photovoltaics : |
| 245 | 0 | 0 |
_aOrganic photovoltaics : _bmaterials, device physics, and manufacturing technologies / _cedited by Christoph Brabec, Ullrich Scherf, and Vladimir Dyakonov ; Dechan Angmo [and fifty four others], contributors. |
| 250 | _aSecond edition. | ||
| 260 |
_aWeinheim: _bWiley, _c2014. |
||
| 502 | _a. | ||
| 504 | _aIncludes bibliographical references at the end of each chapters and index. | ||
| 506 | _aLicense restrictions may limit access. | ||
| 650 | 0 | _aPhotovoltaic cells. | |
| 650 | 0 | _aOrganic semiconductors. | |
| 650 | 0 | _aPhotovoltaic power generation. | |
| 655 | 0 | _aElectronic books. | |
| 700 | 1 | _aBrabec, Christoph. | |
| 700 | 1 | _aScherf, Ullrich. | |
| 700 | 1 | _aDyakonov, Vladimir. | |
| 700 | 1 | _aAngmo, Dechan. | |
| 773 | 0 | _tWiley-Blackwell Online Books | |
| 776 | 0 | 8 |
_iPrint version: _tOrganic photovoltaics : materials, device physics, and manufacturing technologies. _bSecond edition. _dWeinheim, Germany : Wiley-VCH, c2014 _hxviii, 618 pages _z9783527332250 |
| 856 | 4 | 0 |
_uhttp://www.columbia.edu/cgi-bin/cul/resolve?clio10983822 _zFull text available from Wiley-Blackwell Online Books |
| 910 | _aVendor-generated brief record | ||
| 942 |
_2ddc _cBK |
||
| 999 |
_c355875 _d355875 |
||